Bilan réel et bilan fiscal

Guardat en:
Dades bibliogràfiques
Autor principal: Pavès, Léon (auteur)
Format: Llibre
Idioma:francès
Publicat: París Dunod 1959
Matèries:
Etiquetes: Afegir etiqueta
Sense etiquetes, Sigues el primer a etiquetar aquest registre!

MARC

LEADER 00000nam a2200000 a 4500
001 UCR9629
003 CL-VaPUC
008 980613e19590000FR |||||||||||||||||fre|d
082 0 4 |a 657.3  |b PAV  |2 21 
100 |a Pavès, Léon  |e auteur  |9 412364 
245 1 0 |a Bilan réel et bilan fiscal 
300 |a 184 p 
942 |c BK 
945 |d 19980613 00:00:00  |a cmena 
260 |a París  |b Dunod  |c 1959 
650 0 |a Estados de cuentas  |9 352305 
650 0 |a Inventario  |9 402445 
650 0 |a Contabilidad   |9 261430 
650 0 |a Auditoría  |9 307008 
650 0 |a Activo  |9 411658 
650 0 |a Impuestos  |9 255450 
650 7 |a INGRESO  |2 CL-VaPUC  |9 334287 
650 7 |a MOVIMIENTO DE CAJA  |2 CL-VaPUC  |9 411659 
650 7 |a GASTOS  |2 CL-VaPUC  |9 357995 
650 7 |a GANANCIAS  |2 CL-VaPUC  |9 307105 
583 |a last modification  |c 19980613 00:00:00  |k Rodrigo Vera 
999 |c 270815  |d 270813 
952 |0 0  |1 0  |4 0  |6 657_300000000000000_PAV_1959  |7 0  |8 P  |9 305220  |a BIBGIM  |b BIBGIM  |d 2019-11-20  |i 1419714  |o 657.3 PAV 1959  |p 1419714  |r 2025-01-15  |w 2019-11-20  |y BK  |k COM